| 000 | 01317nam a2200313Ia 4500 | ||
|---|---|---|---|
| 001 | ebr10285627 | ||
| 003 | CaPaEBR | ||
| 006 | m u | ||
| 007 | cr cn||||||||| | ||
| 008 | 081030s2009 dcuab s i000 0 eng d | ||
| 020 | _z9780821377871 | ||
| 020 | _z0821377876 | ||
| 040 |
_aCaPaEBR _cCaPaEBR |
||
| 035 | _a(OCoLC)567834440 | ||
| 050 | 1 | 4 |
_aHD6276.A3522 _bA37 2009eb |
| 245 | 0 | 0 |
_aAfrica development indicators. _n2008/09, _pYouth and employment in Africa : the potential, the problem, the promise _h[electronic resource]. |
| 246 | 3 | 0 |
_aYouth and employment in Africa : _bthe potential, the problem, the promise |
| 260 |
_aWashington, D.C. : _bWorld Bank, _cc2009. |
||
| 300 |
_avii, 206 p. : _bill., map. |
||
| 490 | 0 |
_aAfrica development indicators ; _v2008/09 |
|
| 533 |
_aElectronic reproduction. _bPalo Alto, Calif. : _cebrary, _d2013. _nAvailable via World Wide Web. _nAccess may be limited to ebrary affiliated libraries. |
||
| 650 | 0 |
_aYouth _xEmployment _zAfrica _vStatistics. |
|
| 650 | 0 |
_aEconomic indicators _zAfrica. |
|
| 650 | 0 |
_aSocial indicators _zAfrica. |
|
| 655 | 7 |
_aElectronic books. _2local |
|
| 710 | 2 | _aWorld Bank. | |
| 710 | 2 | _aebrary, Inc. | |
| 856 | 4 | 0 |
_uhttp://site.ebrary.com/lib/rucke/Doc?id=10285627 _zAn electronic book accessible through the World Wide Web; click to view |
| 999 |
_c16992 _d16992 |
||